Malý lexikón ľudovej kultúry Slovenska etnografická encyklopédia

Bibliographic Details
Main Author: Ondrejka, Kliment, 1929-2011 (Author)
Other Authors: Szabó, T. (Photographer)
Format: Book
Language:Slovak
PhysicalDescription:280 strán fotografie, ilustrácie, mapy 21 cm
Published: Bratislava Mapa Slovakia 2003
ISBN:8080670021
Edition:1. vyd.
Series:Lexikóny
Subjects:

MARC

LEADER 00000cam a2200000 a 4500
001 vtls001453678
003 SK-MaSNL
005 20260425225253.0
008 240226s2003 xo oab gren 001 0 slo
015 |a SNBA2004/04-01346 
020 |a 8080670021 
035 |a SNK000408985 
035 |a urn:nbn:sk:snk-am3j11c 
035 |a 5AB2067F-8284-4096-A4E9-B70B462894DF 
035 |a urn:nbn:sk:snk-am00ghpq 
040 |a SNK  |b slo  |c SNK  |e AACR2 
041 0 |a slo 
043 |a e-xo--- 
044 |a xo  |c SK 
072 7 |a 39  |x Etnológia. Etnografia. Folklór  |2 konspekt 
080 |a 39  |2 2011 
080 |a (437.6)  |2 2011 
080 |a (031)  |2 2011 
080 |a 342.724  |2 2011 
100 1 |a Ondrejka, Kliment,  |d 1929-2011  |4 aut  |9 89844 
245 1 0 |a Malý lexikón ľudovej kultúry Slovenska  |b etnografická encyklopédia  |c [autor: Kliment Ondrejka ; fotografie: T. Szabó ... [et al.]] 
250 |a 1. vyd. 
260 |a Bratislava  |b Mapa Slovakia  |c 2003 
300 |a 280 strán  |b fotografie, ilustrácie, mapy  |c 21 cm 
490 1 |a Lexikóny 
504 |a Bibliografia na strane 279-280 ; obsahuje register 
650 0 7 |a ľudová kultúra  |2 SNKPH  |9 66058 
650 0 7 |a etnografia  |2 SNKPH  |9 950 
650 0 7 |a národnostné menšiny  |2 SNKPH  |9 2669 
651 7 |a Slovensko  |2 SNKPHgeo  |9 14231 
655 7 |a encyklopédie  |2 SNKPH  |9 28776 
700 1 |a Szabó, T.  |4 pht  |9 349416 
830 0 |a Lexikóny  |9 393863 
919 |a 80-8067-002-1 
958 |a TL 
958 |a NB 
958 |a OND 
999 |c 643413  |d 645343 
952 |t P60, <03>, [BOOK], {603}  |a SNK  |b SNK  |y PREZ  |7 0  |p 17A0384361  |o snkSC 111613  |i snkKSP 6029/2003  |0 0  |1 0  |4 0  |d 2003-05-20  |f 1  |l 0  |r 2025-10-01 00:00:00  |w 2026-02-23 
952 |t P60, <04>, [BOOK], {604}  |a SNK  |b SNK  |y VYP  |7 0  |p 17A0384362  |o snkSC 111613 D1  |i snkKSP 6030/2003  |0 0  |1 0  |4 0  |d 2003-05-20  |l 0  |r 2005-01-02 00:00:00  |w 2026-02-23 
952 |t snkMAL 398(437.6)  |a SNKUST  |b SNKUST  |y PREZ  |7 0  |p 17A0393519  |o snkSC 111613 D2  |i snkK 302/2003  |8 3  |g 9.59  |0 0  |1 0  |4 0  |d 2003-08-13  |l 0  |r 2025-03-19 00:00:00  |w 2026-02-23